000
00326 a2200145 4500
001
62879
020
_a
97885554600012
040
_c
Anchieta - Pituba
100
_a
Cawthorne, Nigel
240
1
0
_a
100 tiranos
_l
por
245
1
0
_a
100 tiranos
300
_a
129
650
4
_a
História do mundo antigo até 499 AC.
942
_c
BK
999
_c
62879
_d
62879